00730 2200241 4500001002100000005001700021008004100038020002200079035002400101040001200125082001100137084001700148100001500165245011300180260002500293300004100318500003000359650003300389850001200422990001800434990001800452990001800470INLIS00000000001566920170317104412.0  a978-602-14987-6-7 0010-111500000000282 aYOPDYOG a371.36 a371.36 Moh T aMOH. YAMIN aTeori dan metode pembelajaran : konsepsi, strategi dan praktik belajar yang membangun karakterc/ Moh. Yamin aMalangbMadanic2015 ax, 186 hlm.b: ilus.c; 23 cm [3eks] aBibliografi : hlm 179-184 aMetode Pembelajaran Tertentu aYOPDYOG a20388-PD/B.15 a20389-PD/B.15 a20390-PD/B.15